| 000 | 00927nam a2200301 a 4500 | ||
|---|---|---|---|
| 001 | 26258 | ||
| 003 | BD-RjUL | ||
| 005 | 20211209051006.0 | ||
| 008 | 170208m19911988ii b 001 0 eng d | ||
| 020 | _a0861317467 (v. 1) | ||
| 020 | _a0861317475 (v. 2) | ||
| 020 | _a0861317483 (v. 3) | ||
| 035 | _a(BD-RjUL)26328 | ||
| 040 |
_aDLC _cMiRochOU _dMiRochOU _dBD-RjUL _beng |
||
| 041 | _aeng | ||
| 082 |
_a954.029 _bSAF 1991 _223 |
||
| 100 | 1 |
_aSarkar, Jadunath _d1870-1958. _919419 |
|
| 245 | 1 | 0 |
_aFall of the Mughal Empire / _bJadunath Sarkar |
| 250 | _a4th ed. | ||
| 260 |
_aNewDehi : _bOrient Longman, _c1991 |
||
| 300 |
_axx, 345 p. ; _c22 cm. |
||
| 504 | _aIncludes bibliography and index. | ||
| 505 | 0 | _av. 1. (1739-54)-- v. 2. (1754-71)-- v. 3. (1771-88)-- | |
| 650 |
_aMogul Empire _959554 |
||
| 651 | 0 |
_aMogul Empire _xHistory. _919831 |
|
| 651 | 0 |
_aIndia _xHistory _y18th century. _980733 |
|
| 942 |
_2ddc _cBK |
||
| 999 |
_c26258 _d26258 |
||